[Event "AUTO-OPEN-2405"]
[Site "http://www.queenalice.com/game.php?id=956612"]
[Date "2011.7.4"]
[Round "1"]
[White "jajaf1959"]
[Black "bbking"]
[Result "1-0"]
[WhiteElo "2034"]
[BlackElo "1504"]

1. d4 d5 2. c4 e6 3. Nc3 Nf6 4. Bg5 Nbd7 5. e3 c6 6. Nf3 Bb4 7. Qc2 h6 8. Bh4
dxc4 9. Bxc4 O-O 10. O-O Bxc3 11. bxc3 c5 12. e4 b6 13. e5 Bb7 14. exf6 Nxf6 15.
Rad1 Bxf3 16. gxf3 g5 17. Bg3 a6 18. dxc5 Qc8 19. Be5 Nd7 20. Bd6 Re8 21. Bd3 f5
22. Kh1 bxc5 23. Rg1 Qc6 24. Bg3 g4 25. h4 Qxf3+ 26. Rg2 Ne5 27. Bxe5 Qh3+ 28.
Rh2 Qf3+ 29. Kg1 Qd5 30. Bf4 h5 31. Bb5 axb5 32. Rxd5 exd5 33. Qxf5 1-0

[Event "AUTO-OPEN-2405"]
[Site "http://www.queenalice.com/game.php?id=956627"]
[Date "2011.7.4"]
[Round "1"]
[White "aogjba"]
[Black "jajaf1959"]
[Result "0-1"]
[WhiteElo "1467"]
[BlackElo "1979"]

1. e4 e5 2. Nf3 Nc6 3. d3 Nf6 4. Nc3 Bb4 5. Bd2 d6 6. a3 Bc5 7. b4 Bd4 8. Nxd4
Nxd4 9. Bg5 h6 10. Bxf6 Qxf6 11. Nd5 Qd8 12. Ne3 Be6 13. g3 Qd7 14. Bg2 O-O-O
15. c3 Nc6 16. Nd5 Ne7 17. Nxe7+ Qxe7 18. d4 exd4 19. Qxd4 Qf6 20. Qxf6 gxf6 21.
O-O-O b6 22. f3 Bb3 23. Bh3+ Be6 24. Bxe6+ fxe6 25. f4 h5 26. h4 Rhg8 27. Rhg1
Rg4 28. e5 fxe5 29. fxe5 d5 30. Rdf1 Kd7 31. Rf7+ Kc6 32. Rgf1 Rdg8 33. Rh7 Rxg3
34. Rff7 Rxc3+ 35. Kb2 Rgg3 36. Rf2 Rb3+ 37. Ka2 Rxa3+ 38. Kb1 Rg1+ 39. Kb2 Rgg3
40. Re7 Rab3+ 41. Ka2 Rxb4 42. Rxe6+ Kd7 43. Rh6 Rxh4 44. e6+ Kd8 45. Rh7 Kc8
46. e7 Kd7 47. Re2 Re4 48. Rh2 Rxe7 49. R2xh5 Rxh7 50. Rxh7+ Kc6 51. Rh6+ Kc5
52. Rh7 Kc6 53. Kb2 a5 0-1

[Event "AUTO-OPEN-2405"]
[Site "http://www.queenalice.com/game.php?id=956628"]
[Date "2011.7.4"]
[Round "1"]
[White "jajaf1959"]
[Black "aogjba"]
[Result "1-0"]
[WhiteElo "1983"]
[BlackElo "1506"]

1. d4 Nf6 2. c4 d6 3. Nc3 g6 4. Bf4 Bg7 5. Nf3 O-O 6. e3 Nbd7 7. Be2 c5 8. d5 e5
9. dxe6 fxe6 10. Bxd6 Nb6 11. Bxc5 Qxd1+ 12. Rxd1 Re8 13. O-O Nbd7 14. Bd4 e5
15. Nb5 Rd8 16. Nxe5 Nxe5 17. Bxe5 Bg4 18. Rxd8+ Rxd8 19. Bxf6 Bxe2 20. Bxd8
Bxf1 21. Kxf1 Bxb2 22. Nxa7 Kg7 23. f4 Bf6 24. Bxf6+ Kxf6 25. Ke2 Kf5 26. Kf3 b6
27. e4+ Kf6 28. Nc8 1-0

[Event "Challenge"]
[Site "http://www.queenalice.com/game.php?id=960333"]
[Date "2011.7.14"]
[Round "-"]
[White "plot24"]
[Black "jajaf1959"]
[Result "1/2-1/2"]
[WhiteElo "1859"]
[BlackElo "1994"]

1. e4 e5 2. f4 exf4 3. Nf3 d5 4. exd5 Nf6 5. Bb5+ Bd7 6. Bxd7+ Nbxd7 7. c4 Bc5
8. Qe2+ Qe7 9. Qxe7+ Bxe7 10. d4 O-O 11. Bxf4 Bb4+ 12. Kf2 Ne4+ 13. Kg1 Bd6 14.
Bxd6 Nxd6 15. b3 Rfe8 16. Nc3 Re3 17. Rc1 Rae8 18. h3 Nf5 19. Kh2 Nf6 20. Rhe1
Rxe1 21. Rxe1 Rxe1 22. Nxe1 Nxd4 1/2-1/2

[Event "Challenge"]
[Site "http://www.queenalice.com/game.php?id=960462"]
[Date "2011.7.14"]
[Round "-"]
[White "jajaf1959"]
[Black "plot24"]
[Result "1/2-1/2"]
[WhiteElo "1985"]
[BlackElo "1876"]

1. d4 d5 2. c4 e6 3. Nf3 Nf6 4. Bf4 c5 5. cxd5 Nxd5 6. Bd2 Nc6 7. e4 Nf6 8. e5
Ne4 9. dxc5 Nxc5 10. Bb5 Nd3+ 11. Bxd3 Qxd3 12. Qe2 Qxe2+ 13. Kxe2 Be7 14. Nc3
O-O 15. Rhd1 b6 16. Rac1 Bb7 17. Nb5 Rfd8 18. Bc3 g5 19. Nd6 Ba6+ 20. Ke1 g4 21.
Nd4 Nxe5 22. Ne4 Rac8 23. Ng3 Nd3+ 24. Kd2 Nxc1 25. Kxc1 e5 26. Ndf5 Bg5+ 27.
Ne3 Rxd1+ 28. Kxd1 f6 29. Ngf5 Rd8+ 30. Ke1 Kf7 31. g3 e4 32. Nd4 h5 33. Nc6 Rd7
34. Nb8 Bc8 35. Nxd7 Bxd7 36. b3 Ke6 37. Kd2 b5 38. Bb4 f5 39. a3 f4 40. gxf4
Bxf4 41. Bc5 a6 42. Ke2 Bxh2 43. b4 Ke5 44. Nf1 Bf4 45. Ng3 h4 46. Nh5 Be8 47.
Nxf4 Kxf4 48. Bd6+ Kf5 49. Ke3 Bh5 50. Bh2 Bg6 51. Bf4 h3 52. Bg3 Ke6 53. Kd4
Bf5 54. Kc5 Bg6 55. Kd4 1/2-1/2

[Event "Torneo Mundial 2"]
[Site "http://www.queenalice.com/game.php?id=963511"]
[Date "2011.7.22"]
[Round "3"]
[White "faresjo"]
[Black "jajaf1959"]
[Result "1-0"]
[WhiteElo "2032"]
[BlackElo "1993"]

1. e4 e5 2. Nf3 Nc6 3. Bb5 Nge7 4. O-O d6 5. h3 a6 6. Ba4 g6 7. c3 Bg7 8. d4 Bd7
9. d5 Na7 10. Bc2 f5 11. Bg5 h6 12. Bxe7 Qxe7 13. Nbd2 f4 14. c4 c5 15. Ne1 b5
16. Nd3 bxc4 17. Nxc4 Nb5 18. Ba4 O-O 19. Nb6 Rab8 20. Nxd7 Qxd7 21. a3 Qe7 22.
Qg4 g5 23. Rfc1 Nd4 24. b4 cxb4 25. Nxb4 a5 26. Nc6 Nxc6 27. dxc6 Rfc8 28. Qd7
Qxd7 29. cxd7 Rd8 30. Rd1 Kf7 31. Rxd6 Ke7 32. Rad1 Bf8 33. Ra6 Ra8 34. Rxa8
Rxa8 35. Rc1 Kd8 36. Rd1 Bxa3 37. Rd5 Rb8 38. Rxe5 Be7 39. Rxa5 Bd6 40. e5 Bb4
41. Ra6 h5 42. Rg6 Be7 43. e6 Kc7 44. Rg7 Kd6 45. Rg6 Kc7 46. Kf1 Rb2 47. Rg8
Rb8 48. Re8 Rd8 49. Rxe7 Kd6 50. Re8 1-0

[Event "QA-ANNIV-06"]
[Site "http://www.queenalice.com/game.php?id=966996"]
[Date "2011.7.31"]
[Round "5"]
[White "chessprm"]
[Black "jajaf1959"]
[Result "1-0"]
[WhiteElo "2314"]
[BlackElo "1981"]

1. d4 d5 2. c4 c6 3. Nf3 Nf6 4. e3 Bg4 5. h3 Bh5 6. Qb3 Qc7 7. Nc3 Bxf3 8. gxf3
e6 9. Bd2 Be7 10. Rc1 Nbd7 11. cxd5 Nxd5 12. Nxd5 exd5 13. Qxd5 Nf6 14. Qe5 Qxe5
15. dxe5 Nd7 16. Bc3 O-O-O 17. Rg1 Rhg8 18. Bc4 Rdf8 19. e6 fxe6 20. Bxe6 Rh8
21. Rxg7 Rd8 22. Rxe7 Rhe8 23. Bxd7+ Rxd7 24. Rxe8+ 1-0

[Event "AUTO-ADV-2163"]
[Site "http://www.queenalice.com/game.php?id=971136"]
[Date "2011.8.10"]
[Round "2"]
[White "GiovanniCosta"]
[Black "jajaf1959"]
[Result "1-0"]
[WhiteElo "2323"]
[BlackElo "1996"]

1. d4 d5 2. Nf3 Nf6 3. Bg5 Bf5 4. e3 e6 5. Bd3 Bxd3 6. Qxd3 Nbd7 7. O-O Be7 8.
c4 c6 9. Nc3 O-O 10. Rac1 h6 11. Bf4 Nb6 12. c5 Nbd7 13. b4 a6 14. h3 b6 15. Rc2
b5 16. a4 Nh5 17. Bh2 Nhf6 18. Ra2 Kh8 19. Rfa1 Qc8 20. axb5 cxb5 21. Nxb5 Qc6
22. Nc7 Ra7 23. Rxa6 Rxa6 24. Rxa6 Qb7 25. Qb5 Qxb5 26. Nxb5 Ne4 27. Ra7 Nef6
28. Bd6 Bxd6 29. Nxd6 Rb8 30. c6 Nb6 31. c7 Rf8 32. Ra6 Nfd7 33. Ne5 Nxe5 34.
Rxb6 Nd7 35. Rb7 Kh7 36. c8=Q Rxc8 37. Nxc8 1-0

[Event "AUTO-ADV-2163"]
[Site "http://www.queenalice.com/game.php?id=971137"]
[Date "2011.8.10"]
[Round "2"]
[White "jajaf1959"]
[Black "GiovanniCosta"]
[Result "0-1"]
[WhiteElo "1999"]
[BlackElo "2320"]

1. d4 d5 2. c4 Bf5 3. Nc3 e6 4. Bf4 Bd6 5. Bxd6 Qxd6 6. c5 Qe7 7. Nf3 Nf6 8. e3
O-O 9. Bd3 Bxd3 10. Qxd3 b6 11. b4 a5 12. O-O axb4 13. Nb5 bxc5 14. dxc5 c6 15.
Nd6 Nfd7 16. h4 Nxc5 17. Qc2 Qxd6 18. Ng5 f5 19. Qe2 Nbd7 20. Qh5 Nf6 21. Qf3
Ra3 22. h5 Rfa8 23. Qh3 h6 24. Nf3 Rxa2 25. Rab1 Nce4 26. Nh4 Ng5 27. Qh1 Nge4
28. Rfe1 Rxf2 29. Nf3 Raa2 30. Nh4 Qg3 0-1

[Event "AUTO-ADV-2163"]
[Site "http://www.queenalice.com/game.php?id=971140"]
[Date "2011.8.10"]
[Round "2"]
[White "technicaldraw"]
[Black "jajaf1959"]
[Result "1/2-1/2"]
[WhiteElo "2002"]
[BlackElo "1981"]

1. e4 e5 2. Nf3 Nc6 3. Bb5 Nge7 4. c3 a6 5. Ba4 d6 6. d4 Bd7 7. O-O g6 8. dxe5
dxe5 9. Bg5 h6 10. Bf6 Rg8 11. Bxe5 Nxe5 12. Nxe5 Bxa4 13. Qxa4+ b5 14. Qd4 Qxd4
15. cxd4 f6 16. Nd3 Nc6 17. d5 Nd4 18. Nd2 Bd6 19. Kh1 O-O-O 20. Rac1 Ne2 21.
Rce1 Nd4 22. Nb3 Nxb3 23. axb3 h5 24. b4 g5 1/2-1/2

[Event "AUTO-ADV-2163"]
[Site "http://www.queenalice.com/game.php?id=971141"]
[Date "2011.8.10"]
[Round "2"]
[White "jajaf1959"]
[Black "technicaldraw"]
[Result "1-0"]
[WhiteElo "1982"]
[BlackElo "2001"]

1. d4 d5 2. c4 c6 3. Nc3 e6 4. Bf4 dxc4 5. e4 b5 6. Nf3 Nf6 7. a3 Bb7 8. Be2
Nbd7 9. O-O Be7 10. e5 Nd5 11. Nxd5 cxd5 12. b4 a5 13. Qd2 axb4 14. axb4 O-O 15.
Rfc1 Qb6 16. Bg5 Bxg5 17. Nxg5 h6 18. Nf3 Rxa1 19. Rxa1 Rc8 20. Qc3 Ra8 21.
Rxa8+ Bxa8 22. Nd2 Qa6 23. f4 1-0

[Event "Torneo Mundial 2"]
[Site "http://www.queenalice.com/game.php?id=992357"]
[Date "2011.10.1"]
[Round "4"]
[White "jajaf1959"]
[Black "ajr"]
[Result "1-0"]
[WhiteElo "2008"]
[BlackElo "1611"]

1. d4 d5 2. c4 e6 3. Nc3 Bb4 4. Qb3 Bxc3+ 5. Qxc3 c6 6. Bf4 Nd7 7. e3 h6 8. Nf3
g5 9. Bd6 Nb6 10. Bd3 Qxd6 11. c5 Qc7 12. cxb6 Qxb6 13. Ne5 Ne7 14. O-O h5 15.
Nf3 f6 16. Qc2 Rg8 17. Bh7 Rg7 18. Bd3 Qc7 19. b4 b5 20. Bxb5 Qb6 21. Ba4 Bd7
22. a3 Kf7 23. Rab1 Nf5 24. e4 Nd6 25. exd5 exd5 26. Qd1 Bg4 27. Rc1 Nc4 28. Rc2
Bxf3 29. Qxf3 Qa6 30. Qxh5+ Rg6 31. Bb3 Nxa3 32. Ra2 Rb8 33. Rfa1 Rxb4 34. Rxa3
Qd3 35. Rxa7+ Ke6 36. Qg4+ Qf5 37. Re1+ Kd6 38. Qxf5 Rxd4 39. Qxg6 Kc5 40. Rc1+
Kb6 41. Qxf6 Kxa7 42. Qxd4+ Kb7 43. Qc5 Kc7 44. Qxc6+ Kd8 45. Qxd5+ Ke7 46. Re1+
Kf6 47. Re6+ Kf7 48. Qd7+ Kf8 49. Re8# 1-0

[Event "Challenge"]
[Site "http://www.queenalice.com/game.php?id=992727"]
[Date "2011.10.2"]
[Round "-"]
[White "albemo"]
[Black "jajaf1959"]
[Result "0-1"]
[WhiteElo "1881"]
[BlackElo "1997"]

1. Nf3 Nf6 2. Nc3 g6 3. e4 d6 4. d4 Bg7 5. Be2 b6 6. O-O Bb7 7. Bd3 O-O 8. Be3
Nbd7 9. Qd2 e5 10. Rad1 exd4 11. Nxd4 Ng4 12. Nde2 Nxe3 13. fxe3 Ne5 14. Bb5 a6
15. Ba4 Nc4 16. Qc1 Bh6 17. Rd3 Qe7 18. Bb3 Bxe3+ 19. Rxe3 Nxe3 20. Rf3 Ng4 21.
Rh3 Bxe4 22. Qf4 Bf5 23. Rg3 Nf6 24. Qxf5 Kh8 25. h3 gxf5 0-1

[Event "QA-ANNIV-06"]
[Site "http://www.queenalice.com/game.php?id=1008739"]
[Date "2011.11.15"]
[Round "6"]
[White "jajaf1959"]
[Black "Mikalus"]
[Result "1-0"]
[WhiteElo "2010"]
[BlackElo "1958"]

1. d4 d5 2. c4 e6 3. Nc3 c5 4. cxd5 exd5 5. Nf3 Nc6 6. Bf4 a6 7. e3 Nf6 8. Be2
Be7 9. O-O O-O 10. Rc1 Nh5 11. Re1 Nxf4 12. exf4 c4 13. Ne5 f6 14. Nxc6 bxc6 15.
g3 Re8 16. Qc2 g6 17. h4 Kg7 18. h5 f5 19. Kg2 Ra7 20. Rh1 Bf6 21. hxg6 hxg6 22.
Rh2 Rh8 23. Rch1 Rxh2+ 24. Rxh2 Bxd4 25. Qd1 Bc5 26. Qh1 d4 27. Rh7+ 1-0

[Event "AUTO-OPEN-2622"]
[Site "http://www.queenalice.com/game.php?id=1034368"]
[Date "2012.2.29"]
[Round "1"]
[White "jajaf1959"]
[Black "Betim_Xadrez"]
[Result "1-0"]
[WhiteElo "2031"]
[BlackElo "1776"]

1. d4 d5 2. c4 Nf6 3. Bg5 Nbd7 4. Nc3 c6 5. e3 g6 6. Nf3 Bg7 7. Be2 O-O 8. O-O
Ne4 9. Nxe4 dxe4 10. Nd2 Nf6 11. Bxf6 Bxf6 12. Nxe4 Bg7 13. b4 b6 14. c5 Bb7 15.
Bf3 a5 16. a3 a4 17. cxb6 Qxb6 18. Nc5 Bc8 19. Nxa4 Qc7 20. Rc1 Bd7 21. Nc5 Rxa3
22. Nxd7 1-0

[Event "AUTO-OPEN-2622"]
[Site "http://www.queenalice.com/game.php?id=1034369"]
[Date "2012.2.29"]
[Round "1"]
[White "Betim_Xadrez"]
[Black "jajaf1959"]
[Result "0-1"]
[WhiteElo "1770"]
[BlackElo "2037"]

1. e4 e5 2. Nf3 Nc6 3. Bb5 Nd4 4. Nxd4 exd4 5. d3 c6 6. Ba4 Bc5 7. c3 dxc3 8.
Nxc3 Qf6 9. Qf3 Qxf3 10. gxf3 Ne7 11. Be3 Bd6 12. O-O-O b5 13. Bc2 Bb7 14. h4 a5
15. Rhg1 g6 16. Bh6 Bb4 17. Bg7 Rg8 18. Bf6 h5 19. Bxe7 Bxe7 0-1

[Event "AUTO-OPEN-2622"]
[Site "http://www.queenalice.com/game.php?id=1034370"]
[Date "2012.2.29"]
[Round "1"]
[White "jajaf1959"]
[Black "Miguelname"]
[Result "0-1"]
[WhiteElo "2044"]
[BlackElo "2467"]

1. d4 Nf6 2. c4 e6 3. Nc3 d5 4. Bg5 Be7 5. Nf3 O-O 6. e3 h6 7. Bh4 b6 8. Bd3 Bb7
9. O-O Nbd7 10. cxd5 Nxd5 11. Bxe7 Qxe7 12. Re1 Nxc3 13. bxc3 c5 14. Rc1 Rac8
15. Qa4 Bxf3 16. gxf3 Qg5+ 17. Kh1 Rc7 18. Rg1 Qh4 19. Rg4 Qxf2 20. Rcg1 g6 21.
Qc2 Qxc2 22. Bxc2 Nf6 23. R4g2 Nd5 24. Bxg6 fxg6 25. Rxg6+ Kh7 26. Rxe6 Rxf3 27.
Rgg6 Nxe3 28. Rxh6+ Kg8 29. Reg6+ Rg7 0-1

[Event "AUTO-OPEN-2622"]
[Site "http://www.queenalice.com/game.php?id=1034371"]
[Date "2012.2.29"]
[Round "1"]
[White "Miguelname"]
[Black "jajaf1959"]
[Result "1-0"]
[WhiteElo "2458"]
[BlackElo "2046"]

1. e4 e5 2. Nf3 Nc6 3. Bb5 Nd4 4. Nxd4 exd4 5. O-O Bc5 6. Re1 Ne7 7. Qh5 b6 8.
d3 Ng6 9. Nd2 a6 10. Bc4 d6 11. Nf3 Qd7 12. e5 d5 13. e6 fxe6 14. Bxd5 c6 15.
Be4 Kd8 16. Bxg6 Bb7 17. Ne5 1-0

[Event "AUTO-OPEN-2622"]
[Site "http://www.queenalice.com/game.php?id=1034372"]
[Date "2012.2.29"]
[Round "1"]
[White "jajaf1959"]
[Black "raymund"]
[Result "1-0"]
[WhiteElo "2024"]
[BlackElo "1794"]

1. d4 d5 2. c4 c6 3. Nc3 Nf6 4. Bg5 Nbd7 5. e3 Qa5 6. Qb3 dxc4 7. Bxc4 Qxg5 8.
Bxf7+ Kd8 9. g3 Qf5 10. Be6 Nc5 11. Bxc8 Nxb3 12. Bxf5 Nxa1 13. Nf3 1-0